[Event "Novi Sad TS GM/IM Mix 189th"]
[Site "Novi Sad"]
[Date "2024.03.04"]
[Round "7"]
[White "Tulchynskyi, Feliks"]
[Black "Lajthajm, Borko"]
[Result "0-1"]
[WhiteElo "2288"]
[BlackElo "2337"]
[PlyCount "126"]
[EventDate "2024.02.29"]
[EventType "swiss"]
[EventRounds "9"]
[EventCountry "SRB"]
[SourceTitle "CB12_2024"]
[SourceDate "2023.10.01"]
[SourceVersion "1"]
[SourceVersionDate "2023.10.01"]
[SourceQuality "1"]

1. d4 Nf6 2. Nf3 e6 3. e3 b6 4. Bd3 Bb7 5. 0-0 Be7 6. Nbd2 c5 7. b3 cxd4 8. exd4 0-0 9. Bb2 Nc6 10. a3 Nd5 11. Re1 Nf4 12. Bf1 d5 13. g3 Ng6 14. Bd3 Re8 15. h4 Nf8 16. Qe2 Rc8 17. Rac1 Rc7 18. b4 Nb8 19. Ne5 Nbd7 20. f4 Bd6 21. Ndf3 f6 22. Ng4 Re7 23. h5 f5 24. Nge5 Nf6 25. Qh2 h6 26. Nh4 Bxe5 27. dxe5 Ng4 28. Qd2 Qe8 29. Bd4 Qxh5 30. Kg2 g5 31. Nf3 gxf4 32. Rh1 Qe8 33. Qxf4 Bc6 34. Nh4 Rg7 35. Be2 h5 36. Nf3 Bb5 37. Bd1 Ng6 38. Qd2 Rh7 39. Ng5 Rhg7 40. Nf3 Rh7 41. Ng5 Rh8 42. c3 Rg7 43. Bf3 Qe7 44. Rce1 Bc4 45. a4 h4 46. Rh3 Rh5 47. Nxe6 Qxe6 48. Reh1 Rhh7 49. Qg5 Ne7 50. Qf4 hxg3 51. Bxg4 fxg4 52. Rxh7 Rxh7 53. Qg5+ Qg6 54. Qxg6+ Nxg6 55. Rxh7 Kxh7 56. Kxg3 Be2 57. e6 Kg8 58. b5 Kf8 59. a5 bxa5 60. Bxa7 Ke7 61. b6 Ba6 62. Kxg4 Kxe6 63. Kf3 a4 0-1

[Event "Novi Sad TS GM/IM Mix 189th"]
[Site "Novi Sad"]
[Date "2024.03.02"]
[Round "4"]
[White "Lajthajm, Borko"]
[Black "Gu, Xianghan"]
[Result "1/2-1/2"]
[WhiteElo "2337"]
[BlackElo "2157"]
[PlyCount "22"]
[EventDate "2024.02.29"]
[EventType "swiss"]
[EventRounds "9"]
[EventCountry "SRB"]
[SourceTitle "CB12_2024"]
[SourceDate "2023.10.01"]
[SourceVersion "1"]
[SourceVersionDate "2023.10.01"]
[SourceQuality "1"]

1. e4 c5 2. c3 d5 3. exd5 Qxd5 4. Nf3 Nf6 5. Na3 Nc6 6. Be2 e5 7. d3 h6 8. 0-0 Be7 9. Re1 0-0 10. Nc4 Rd8 11. a4 Be6 1/2-1/2

[Event "Arandjelovac ASK-11 IM"]
[Site "Arandjelovac"]
[Date "2023.12.05"]
[Round "2"]
[White "Vlajkovic, Stanko"]
[Black "Lajthajm, Borko"]
[Result "0-1"]
[WhiteElo "2233"]
[BlackElo "2345"]
[PlyCount "116"]
[EventDate "2023.12.04"]
[EventType "tourn"]
[EventRounds "9"]
[EventCountry "SRB"]
[SourceTitle "CB51_2023"]
[SourceDate "2023.12.20"]
[SourceVersion "1"]
[SourceVersionDate "2023.12.20"]
[SourceQuality "1"]

1. d4 Nf6 2. Bf4 e6 3. Nf3 b6 4. c4 Bb7 5. Nc3 Bb4 6. e3 h6 7. h3 Bxc3+ 8. bxc3 d6 9. Bd3 Nbd7 10. Rb1 0-0 11. 0-0 Re8 12. Bc2 Ne4 13. Qd3 e5 14. Bh2 Ng5 15. Nd2 e4 16. Qe2 Nf6 17. Ba4 Re7 18. d5 Ba6 19. Bc6 Rb8 20. Nb3 Nd7 21. Nd4 Ne5 22. Bb5 Bc8 23. h4 Ngf3+ 24. gxf3 Nxf3+ 25. Kh1 Re5 26. Rg1 Nxh2 27. f4 Nf3 28. Nxf3 exf3 29. Qxf3 Qxh4+ 30. Kg2 Re7 31. e4 f5 32. Rh1 Qf6 33. exf5 Bxf5 34. Rbe1 Rf8 35. Kf2 Bh7 36. Rxe7 Qxe7 37. Qe3 Qf7 38. Qe6 Bf5 39. Qxf7+ Kxf7 40. Re1 a6 41. Ba4 Bd3 42. c5 bxc5 43. Bd7 Bc4 44. Be6+ Kf6 45. Re4 Bd3 46. Ra4 Bf5 47. Bxf5 Kxf5 48. Kf3 g5 49. Rxa6 g4+ 50. Kg3 Re8 51. Ra4 Re3+ 52. Kg2 Rxc3 53. Ra8 Kxf4 54. a4 Rc2+ 55. Kf1 h5 56. a5 Ra2 57. a6 Kg3 58. a7 h4 0-1

[Event "Arandjelovac ASK-11 IM"]
[Site "Arandjelovac"]
[Date "2023.12.04"]
[Round "1"]
[White "Lajthajm, Borko"]
[Black "Anishka, Vikram"]
[Result "1-0"]
[WhiteElo "2345"]
[BlackElo "1859"]
[PlyCount "101"]
[EventDate "2023.12.04"]
[EventType "tourn"]
[EventRounds "9"]
[EventCountry "SRB"]
[SourceTitle "CB51_2023"]
[SourceDate "2023.12.20"]
[SourceVersion "1"]
[SourceVersionDate "2023.12.20"]
[SourceQuality "1"]

1. e4 c5 2. c3 d5 3. exd5 Qxd5 4. Nf3 Nc6 5. Na3 Bg4 6. Be2 Nf6 7. Qa4 e6 8. Nc4 Qd8 9. Nce5 Qa5 10. Qxa5 Nxa5 11. Ng5 Bxe2 12. Kxe2 h6 13. Ngxf7 Rh7 14. d4 cxd4 15. cxd4 g5 16. h4 g4 17. b4 Nc6 18. Nxc6 bxc6 19. Ne5 Bxb4 20. Be3 c5 21. Rac1 cxd4 22. Bxd4 h5 23. Rc6 Ke7 24. Rb1 a5 25. Rb3 Rd8 26. Rc4 Rd5 27. a3 Bd6 28. Rb7+ Kd8 29. Nf7+ Rxf7 30. Rxf7 Nd7 31. a4 Be5 32. Be3 Bf6 33. Rh7 Bxh4 34. Rd4 Rxd4 35. Bxd4 Be7 36. Rxh5 Bb4 37. Rg5 e5 38. Be3 Nf6 39. Rxe5 Kd7 40. Rb5 Ne4 41. Bd4 Kd6 42. Kd3 Nc5+ 43. Bxc5+ Bxc5 44. Rxa5 Bxf2 45. Rb5 Kc6 46. Kc4 g3 47. a5 Be3 48. Rb3 Bf2 49. a6 Kc7 50. Rb7+ Kc8 51. Kd5 1-0

[Event "Arandjelovac op 1st"]
[Site "Arandjelovac"]
[Date "2023.03.18"]
[Round "5"]
[White "Pikula, Dejan"]
[Black "Lajthajm, Borko"]
[Result "1-0"]
[WhiteElo "2347"]
[BlackElo "2336"]
[PlyCount "117"]
[EventDate "2023.03.15"]
[EventType "swiss"]
[EventRounds "9"]
[EventCountry "SRB"]
[SourceTitle "CBM 213 Extra"]
[Source "ChessBase"]
[SourceDate "2023.05.31"]
[SourceVersion "1"]
[SourceVersionDate "2023.05.31"]
[SourceQuality "1"]

1. e4 c5 2. Nf3 e6 3. d4 cxd4 4. Nxd4 a6 5. Bd3 Bc5 6. Nb3 Ba7 7. Qe2 Nc6 8. Nc3 d6 9. Be3 Nf6 10. 0-0 0-0 11. Rfd1 b5 12. a3 Qe7 13. Bxa7 Qxa7 14. Kh1 Rd8 15. f4 Nd7 16. e5 d5 17. Qh5 f5 18. Ne2 d4 19. Nbxd4 Ndxe5 20. fxe5 Nxd4 21. Nxd4 g6 22. Nc6 gxh5 23. Nxa7 Rxa7 24. Bxb5 Rxd1+ 25. Rxd1 axb5 26. Rd8+ Kf7 27. Rxc8 Rd7 28. h3 Rd5 29. c4 bxc4 30. Rxc4 Rxe5 31. b4 Re3 32. a4 Ra3 33. b5 Rb3 34. Rc7+ Kf6 35. Rxh7 Rb4 36. Ra7 e5 37. Ra6+ Kg5 38. Re6 Rxa4 39. Rxe5 Kf4 40. Rc5 Ke4 41. Rc8 Rb4 42. Ra8 Kf4 43. b6 Kg3 44. Rg8+ Kf2 45. Rg6 f4 46. Kh2 Ke3 47. Re6+ Kf2 48. Rh6 Ke3 49. Rf6 Rb2 50. Re6+ Kf2 51. Rh6 f3 52. Rf6 Ke2 53. Rxf3 Rxb6 54. Ra3 Rb5 55. Kg3 Rg5+ 56. Kf4 Rxg2 57. Ra2+ Kf1 58. Rxg2 Kxg2 59. h4 1-0

[Event "Arandjelovac op 1st"]
[Site "Arandjelovac"]
[Date "2023.03.15"]
[Round "1"]
[White "Hovakimyan, Vache"]
[Black "Lajthajm, Borko"]
[Result "0-1"]
[WhiteElo "2025"]
[BlackElo "2336"]
[PlyCount "93"]
[EventDate "2023.03.15"]
[EventType "swiss"]
[EventRounds "9"]
[EventCountry "SRB"]
[SourceTitle "CBM 213 Extra"]
[Source "ChessBase"]
[SourceDate "2023.05.31"]
[SourceVersion "1"]
[SourceVersionDate "2023.05.31"]
[SourceQuality "1"]

1. d4 Nf6 2. c4 e6 3. Nc3 Bb4 4. e3 c5 5. a3 Ba5 6. Nge2 d6 7. g3 0-0 8. Bg2 Nc6 9. 0-0 Qe7 10. Qc2 Bd7 11. dxc5 dxc5 12. b3 Rab8 13. Bb2 Bc7 14. Nb5 Bb6 15. Rad1 Rfd8 16. Rd2 Be8 17. Rfd1 Rxd2 18. Rxd2 Rd8 19. Qd1 Rxd2 20. Qxd2 Na5 21. Nc1 Bc6 22. Bxc6 Nxc6 23. Qd6 Ne8 24. Qxe7 Nxe7 25. Nc3 Bc7 26. Nd3 b6 27. Nb5 a6 28. Nxc7 Nxc7 29. Be5 Ne8 30. Bc3 Nd6 31. f3 f6 32. Kf2 Kf7 33. g4 Nc6 34. h4 e5 35. Ke2 Ke6 36. a4 Nb7 37. Kd2 g6 38. Nf2 Nd6 39. Nd3 a5 40. Nf2 h5 41. Kd3 Ne8 42. gxh5 gxh5 43. Bd2 Nd6 44. Be1 e4+ 45. Ke2 exf3+ 46. Kxf3 Ne5+ 47. Ke2 0-1

[Event "SRB-ch sf"]
[Site "Novi Banovci"]
[Date "2023.02.11"]
[Round "8"]
[White "Tadic, Stefan"]
[Black "Lajthajm, Borko"]
[Result "0-1"]
[WhiteElo "2347"]
[BlackElo "2336"]
[PlyCount "78"]
[EventDate "2023.02.06"]
[EventType "swiss"]
[EventRounds "9"]
[EventCountry "SRB"]
[SourceTitle "CBM 212 Extra"]
[Source "ChessBase"]
[SourceDate "2023.03.31"]
[SourceVersion "1"]
[SourceVersionDate "2023.03.31"]
[SourceQuality "1"]

1. e4 e5 2. Nf3 Nc6 3. Bb5 g6 4. c3 Bg7 5. 0-0 a6 6. Ba4 d6 7. d4 b5 8. Bc2 Bg4 9. d5 Nce7 10. a4 Rb8 11. axb5 axb5 12. b4 h6 13. Be3 f5 14. h3 Bh5 15. exf5 gxf5 16. g4 fxg4 17. Nh2 Nf6 18. Nxg4 Nexd5 19. Bb3 Nxg4 20. Qxd5 Nf6 21. Qg2 Qd7 22. Kh2 Bf8 23. f4 d5 24. fxe5 Rg8 25. Qd2 Rg3 26. Kxg3 Ne4+ 27. Kh2 Nxd2 28. Nxd2 Be7 29. Ra6 c6 30. Ra7 Qe6 31. Bd4 Qg6 32. Rf2 Rd8 33. Rg2 Bg5 34. h4 Bf4+ 35. Kg1 Bg4 36. h5 Qxh5 37. Bd1 Qh3 38. Bxg4 Be3+ 39. Bxe3 Qxe3+ 0-1

[Event "Belgrade Gligoric 100 Ann op"]
[Site "Belgrade"]
[Date "2023.02.05"]
[Round "7"]
[White "Lajthajm, Borko"]
[Black "Tadic, Stefan"]
[Result "0-1"]
[WhiteElo "2336"]
[BlackElo "2347"]
[PlyCount "56"]
[EventDate "2023.02.05"]
[EventType "swiss (blitz)"]
[EventRounds "11"]
[EventCountry "SRB"]
[SourceTitle "EXT 2024"]
[Source "ChessBase"]
[SourceDate "2023.10.10"]
[SourceVersion "1"]
[SourceVersionDate "2023.10.10"]
[SourceQuality "1"]

1. d4 Nf6 2. c4 c5 3. d5 b5 4. cxb5 a6 5. bxa6 g6 6. Nc3 Bg7 7. Nh3 0-0 8. Nf4 Qa5 9. Bd2 Bxa6 10. h4 e5 11. dxe6 fxe6 12. h5 e5 13. Nfd5 Nxh5 14. g3 Nc6 15. Bg2 Qd8 16. Ne4 Nd4 17. Nec3 Rb8 18. b3 d6 19. e3 Ne6 20. g4 Nf6 21. Nxf6+ Qxf6 22. Ne4 Qe7 23. Bc3 Rbd8 24. g5 d5 25. Nf6+ Bxf6 26. gxf6 Qxf6 27. f3 d4 28. Bd2 dxe3 0-1

[Event "Belgrade Gligoric 100 Ann op"]
[Site "Belgrade"]
[Date "2023.02.05"]
[Round "6"]
[White "Martynov, Aleksandr1111"]
[Black "Lajthajm, Borko"]
[Result "0-1"]
[WhiteElo "1660"]
[BlackElo "2336"]
[PlyCount "88"]
[EventDate "2023.02.05"]
[EventType "swiss (blitz)"]
[EventRounds "11"]
[EventCountry "SRB"]
[SourceTitle "EXT 2024"]
[Source "ChessBase"]
[SourceDate "2023.10.10"]
[SourceVersion "1"]
[SourceVersionDate "2023.10.10"]
[SourceQuality "1"]

1. e4 c5 2. Nf3 a6 3. g3 d6 4. Bg2 Nd7 5. 0-0 g6 6. d4 Bg7 7. c3 e6 8. Bg5 Qc7 9. e5 dxe5 10. d5 exd5 11. Qxd5 Ngf6 12. Bxf6 Bxf6 13. h4 0-0 14. Rd1 Nb6 15. Qd6 Qxd6 16. Rxd6 Bd8 17. Ng5 Bc7 18. Rd1 f5 19. Na3 h6 20. Nf3 Be6 21. Nxe5 Bxe5 22. Re1 Nd7 23. f4 Bxc3 24. bxc3 Kf7 25. Bxb7 Rab8 26. Bf3 Nf6 27. Re2 Rfe8 28. Rd2 Red8 29. Rad1 Rxd2 30. Rxd2 Ke7 31. Kf2 Rd8 32. Ke3 Rxd2 33. Kxd2 Bxa2 34. c4 Bb3 35. Kc3 Ba4 36. Nb1 Kd6 37. Nd2 Bc6 38. Bd1 Kc7 39. Bc2 Nh5 40. g4 fxg4 41. Bxg6 Nxf4 42. Bf5 g3 43. Be4 Bxe4 44. Nxe4 g2 0-1

[Event "Bijeljina 1st"]
[Site "Bijeljina"]
[Date "2022.12.10"]
[Round "3"]
[White "Lajthajm, Borko"]
[Black "Damljanovic, Branko"]
[Result "1/2-1/2"]
[WhiteElo "2358"]
[BlackElo "2421"]
[PlyCount "41"]
[EventDate "2022.12.09"]
[EventType "tourn"]
[EventRounds "9"]
[EventCountry "BIH"]
[EventCategory "6"]
[SourceTitle "CBM 211 Extra"]
[Source "ChessBase"]
[SourceDate "2023.01.31"]
[SourceVersion "1"]
[SourceVersionDate "2023.01.31"]
[SourceQuality "1"]

1. d4 Nf6 2. c4 e6 3. Nf3 b6 4. g3 Ba6 5. Qa4 Bb7 6. Bg2 c5 7. 0-0 cxd4 8. Nxd4 Bxg2 9. Kxg2 Qc7 10. f3 a6 11. Nc3 Bc5 12. Rd1 h6 13. Nb3 0-0 14. Nxc5 bxc5 15. Bf4 e5 16. Be3 d6 17. b4 Nbd7 18. bxc5 Nxc5 19. Qa3 Rfc8 20. Rac1 Qd8 21. Rd2 1/2-1/2

[Event "Bijeljina 1st"]
[Site "Bijeljina"]
[Date "2022.12.09"]
[Round "1"]
[White "Lajthajm, Borko"]
[Black "Sedlak, Nikola"]
[Result "0-1"]
[WhiteElo "2358"]
[BlackElo "2484"]
[PlyCount "62"]
[EventDate "2022.12.09"]
[EventType "tourn"]
[EventRounds "9"]
[EventCountry "BIH"]
[EventCategory "6"]
[SourceTitle "CBM 211 Extra"]
[Source "ChessBase"]
[SourceDate "2023.01.31"]
[SourceVersion "1"]
[SourceVersionDate "2023.01.31"]
[SourceQuality "1"]

1. d4 Nf6 2. c4 g6 3. Nc3 Bg7 4. e4 d6 5. h3 0-0 6. Be3 e5 7. d5 a5 8. g4 Na6 9. Nge2 h5 10. g5 Nd7 11. Qd2 Ndc5 12. 0-0-0 Bd7 13. Kb1 Qb8 14. Nc1 c6 15. f3 Rd8 16. h4 Be8 17. Be2 Nc7 18. Rhf1 cxd5 19. Nxd5 Nxd5 20. cxd5 Ba4 21. Rde1 Rc8 22. Nd3 b6 23. b4 axb4 24. Nxb4 Bd7 25. Rc1 Ra3 26. Rc2 Qa7 27. Rfc1 Ra8 28. Rb2 Na4 29. Rbc2 Qa5 30. Nc6 Bxc6 31. Rxc6 Rxa2 0-1

[Event "Belgrade-chT2 Quality"]
[Site "Belgrade"]
[Date "2022.10.23"]
[Round "4.1"]
[White "Kiproski, Branislav"]
[Black "Lajthajm, Borko"]
[Result "0-1"]
[WhiteElo "2300"]
[BlackElo "2356"]
[PlyCount "67"]
[EventDate "2022.10.15"]
[EventType "team-tourn"]
[EventRounds "13"]
[EventCountry "SRB"]
[SourceTitle "EXT 2024"]
[Source "ChessBase"]
[SourceDate "2023.10.10"]
[SourceVersion "1"]
[SourceVersionDate "2023.10.10"]
[SourceQuality "1"]
[WhiteTeam "Belgrade Tadic"]
[BlackTeam "Belgrade Polet"]
[WhiteTeamCountry "SRB"]
[BlackTeamCountry "SRB"]

1. d4 Nf6 2. Bg5 e6 3. Nf3 Be7 4. Nbd2 d6 5. e4 Nbd7 6. c3 h6 7. Bh4 b6 8. Bd3 Bb7 9. Qe2 g5 10. Bg3 Nh5 11. Ba6 Bxa6 12. Qxa6 g4 13. Ng1 Bg5 14. Qd3 Qf6 15. h4 Bxd2+ 16. Kxd2 Qg6 17. Ne2 Ndf6 18. e5 Qxd3+ 19. Kxd3 Nxg3 20. Nxg3 dxe5 21. dxe5 Nd7 22. Rhe1 h5 23. Rad1 Ke7 24. Kc4 a6 25. b4 Nf8 26. f3 Ng6 27. fxg4 hxg4 28. h5 Nf4 29. Rd4 Nxh5 30. Rxg4 Nxg3 31. Rxg3 Rad8 32. Re2 Rh5 33. Rg4 Rd5 34. Rge4 0-1

[Event "Belgrade-chT2 Quality"]
[Site "Belgrade"]
[Date "2022.10.16"]
[Round "2.1"]
[White "Milicevic, Predrag I"]
[Black "Lajthajm, Borko"]
[Result "1/2-1/2"]
[WhiteElo "2037"]
[BlackElo "2356"]
[PlyCount "45"]
[EventDate "2022.10.15"]
[EventType "team-tourn"]
[EventRounds "13"]
[EventCountry "SRB"]
[SourceTitle "EXT 2024"]
[Source "ChessBase"]
[SourceDate "2023.10.10"]
[SourceVersion "1"]
[SourceVersionDate "2023.10.10"]
[SourceQuality "1"]
[WhiteTeam "Belgrade BASK"]
[BlackTeam "Belgrade Polet"]
[WhiteTeamCountry "SRB"]
[BlackTeamCountry "SRB"]

1. Nf3 d5 2. g3 Nd7 3. Bg2 e5 4. d3 Ngf6 5. 0-0 Bc5 6. Nc3 c6 7. e4 dxe4 8. Nxe4 Nxe4 9. dxe4 0-0 10. Qe2 Re8 11. b3 Nf8 12. Bb2 Bg4 13. h3 Bxf3 14. Bxf3 Qg5 15. Kh2 Ne6 16. c3 Rad8 17. Rad1 Qf6 18. Bc1 a5 19. Kg2 b5 20. Bg4 Nf8 21. h4 Qe7 22. Bg5 f6 23. Be3 1/2-1/2

[Event "Belgrade-chT2 Quality"]
[Site "Belgrade"]
[Date "2022.10.15"]
[Round "1.1"]
[White "Lajthajm, Borko"]
[Black "Mitic, Miroslav"]
[Result "1-0"]
[WhiteElo "2356"]
[BlackElo "1945"]
[PlyCount "94"]
[EventDate "2022.10.15"]
[EventType "team-tourn"]
[EventRounds "13"]
[EventCountry "SRB"]
[SourceTitle "EXT 2024"]
[Source "ChessBase"]
[SourceDate "2023.10.10"]
[SourceVersion "1"]
[SourceVersionDate "2023.10.10"]
[SourceQuality "1"]
[WhiteTeam "Belgrade Polet"]
[BlackTeam "Lazarevac Kolubara"]
[WhiteTeamCountry "SRB"]
[BlackTeamCountry "SRB"]

1. d4 d5 2. c4 e6 3. Nc3 Nf6 4. Bg5 Be7 5. e3 c6 6. Nf3 Nbd7 7. cxd5 exd5 8. Bd3 0-0 9. Qc2 a5 10. h3 Re8 11. Bxf6 Nxf6 12. g4 g6 13. a3 Bd6 14. Nd2 b5 15. a4 b4 16. Ne2 Bd7 17. Nb3 Qe7 18. Nc5 Bxc5 19. Qxc5 Qxc5 20. dxc5 Kf8 21. Nd4 Ke7 22. f3 Kd8 23. Kd2 Kc7 24. h4 h6 25. g5 Nh5 26. Rag1 Rh8 27. f4 Ng7 28. Rf1 Rag8 29. Nb3 Ra8 30. Rh2 Bf5 31. Nd4 Bxd3 32. Kxd3 Rh7 33. f5 gxf5 34. Nxf5 hxg5 35. Nxg7 Rxg7 36. hxg5 Re8 37. Rh6 Kb7 38. Rff6 Rc8 39. Rf5 Rc7 40. Ke2 Re7 41. Kf3 Re6 42. Rff6 Kc7 43. Rxe6 fxe6 44. g6 Kd8 45. Kf4 Ke7 46. Ke5 b3 47. Rh7 Kf8 1-0

[Event "Arandjelovac ASK-5 IM"]
[Site "Arandjelovac"]
[Date "2022.02.18"]
[Round "7.4"]
[White "Lajthajm, Borko"]
[Black "Ilincic, Zlatko"]
[Result "1/2-1/2"]
[WhiteElo "2344"]
[BlackElo "2331"]
[PlyCount "21"]
[EventDate "2022.02.14"]
[EventType "swiss"]
[EventRounds "9"]
[EventCountry "SRB"]
[SourceTitle "CBM 206 Extra"]
[Source "ChessBase"]
[SourceDate "2022.03.31"]
[SourceVersion "1"]
[SourceVersionDate "2022.03.31"]
[SourceQuality "1"]

1. e4 e5 2. Nf3 Nf6 3. Nxe5 d6 4. Nf3 Nxe4 5. Nc3 Nf6 6. d4 d5 7. Bd3 Be7 8. h3 Nbd7 9. 0-0 c6 10. Bf4 Nf8 11. Re1 1/2-1/2

[Event "Arandjelovac ASK-5 IM"]
[Site "Arandjelovac"]
[Date "2022.02.17"]
[Round "5.1"]
[White "Lajthajm, Borko"]
[Black "Averin, Nikolay"]
[Result "0-1"]
[WhiteElo "2344"]
[BlackElo "2060"]
[PlyCount "168"]
[EventDate "2022.02.14"]
[EventType "swiss"]
[EventRounds "9"]
[EventCountry "SRB"]
[SourceTitle "CBM 206 Extra"]
[Source "ChessBase"]
[SourceDate "2022.03.31"]
[SourceVersion "1"]
[SourceVersionDate "2022.03.31"]
[SourceQuality "1"]

1. e4 c5 2. Nf3 d6 3. c3 Nf6 4. Na3 Nc6 5. d3 Bg4 6. Be2 e6 7. Qa4 Be7 8. h3 Bxf3 9. Bxf3 0-0 10. Bf4 a6 11. Qb3 Qc7 12. Nc4 b5 13. Ne3 Nd7 14. 0-0 h6 15. Rad1 Bg5 16. Bg3 Nde5 17. Be2 Bxe3 18. fxe3 c4 19. Qc2 cxd3 20. Bxd3 Rfd8 21. Qf2 Qb6 22. Be2 a5 23. Bh5 Rd7 24. b3 b4 25. cxb4 Qxb4 26. Qc2 a4 27. Rb1 axb3 28. Rxb3 Qa4 29. Rf2 Qa5 30. a3 Rc7 31. Qd1 g6 32. Be2 Qc5 33. Qa1 Rca7 34. Rb5 Rxa3 35. Qd1 Qxe3 36. Bf4 Qd4 37. Qxd4 Nxd4 38. Rb7 Ra1+ 39. Kh2 R1a7 40. Rb6 Nxe2 41. Rxe2 g5 42. Bg3 Ra2 43. Rxa2 Rxa2 44. h4 gxh4 45. Bf4 Ng4+ 46. Kh3 Nf2+ 47. Kxh4 Nxe4 48. Rb4 d5 49. g4 Kg7 50. Rb7 Ra4 51. Rb8 Nf6 52. Kg3 Nxg4 53. Kxg4 e5 54. Kf5 exf4 55. Rb5 f3 56. Rxd5 f2 57. Rd1 Ra6 58. Rf1 Rf6+ 59. Kg4 Kg6 60. Kh4 h5 61. Kg3 Kg5 62. Kh3 h4 63. Rxf2 Rf4 64. Rg2+ Kf5 65. Ra2 f6 66. Ra5+ Kg6 67. Rb5 Ra4 68. Rc5 Re4 69. Ra5 f5 70. Ra8 Kg5 71. Ra3 Re1 72. Ra4 Re3+ 73. Kg2 Rg3+ 74. Kf2 Rb3 75. Kg2 h3+ 76. Kh2 f4 77. Ra2 Kg4 78. Rc2 Re3 79. Ra2 Re4 80. Ra3 f3 81. Ra8 Re2+ 82. Kg1 h2+ 83. Kh1 Re1+ 84. Kxh2 f2 0-1

[Event "Novi Sad TS GM 228th"]
[Site "Novi Sad"]
[Date "2021.12.03"]
[Round "6"]
[White "Lajthajm, Borko"]
[Black "Sedlak, Nikola"]
[Result "0-1"]
[WhiteElo "2361"]
[BlackElo "2510"]
[PlyCount "68"]
[EventDate "2021.11.30"]
[EventType "tourn"]
[EventRounds "9"]
[EventCountry "SRB"]
[EventCategory "6"]
[SourceTitle "EXT 2023"]
[Source "ChessBase"]
[SourceDate "2022.10.05"]
[SourceVersion "1"]
[SourceVersionDate "2022.10.05"]
[SourceQuality "1"]

1. e4 e6 2. d4 d5 3. e5 c5 4. c3 Nc6 5. Nf3 Bd7 6. a3 Nge7 7. b4 cxd4 8. cxd4 Nf5 9. Bb2 b5 10. Bd3 a5 11. bxa5 Nxa5 12. 0-0 Nc4 13. Qb3 Rb8 14. Bc3 Be7 15. Rd1 0-0 16. Nbd2 Qb6 17. Nf1 Rfc8 18. Bb4 Qd8 19. h3 Ra8 20. g4 Nh4 21. Nxh4 Bxb4 22. axb4 Qxh4 23. Kg2 Ra4 24. Bxc4 dxc4 25. Qc3 Bc6+ 26. f3 h5 27. Ne3 Qg5 28. d5 Rxa1 29. Rxa1 Bxd5 30. Nxd5 exd5 31. Qd4 hxg4 32. hxg4 c3 33. Kg3 c2 34. f4 Qh6 0-1